Αποτίμηση της επιρροής των επιθέσεων ενάντια σε ελληνικούς διαδικτυακούς τόπους : πτυχιακή εργασία

Αντικείμενο της συγκεκριμένης διπλωματικής εργασίας είναι να μελετήσει τους υπάρχοντες μηχανισμούς ασφαλείας στον ελληνικό διαδικτυακό τόπο και να ελέγξει αν υπάρχουν «κερκόπορτες» σε αυτούς τους μηχανισμούς , αξιολογώντας και καταλήγοντας σε ορισμένα συμπεράσματα . πιο συγκεκριμένα θα μελετήσει μια...

Πλήρης περιγραφή

Αποθηκεύτηκε σε:
Λεπτομέρειες βιβλιογραφικής εγγραφής
Κύριος συγγραφέας: Πρέκας, Μιχαήλ
Συγγραφή απο Οργανισμό/Αρχή: Πανεπιστήμιο Αιγαίου. Σχολή Θετικών Επιστημών. Τμήμα Μηχανικών Πληροφοριακών και Επικοινωνιακών Συστημάτων
Μορφή: Thesis Βιβλίο
Γλώσσα:Greek
Δημοσίευση: 2016.
Θέματα:
Διαθέσιμο Online:http://hdl.handle.net/11610/17288
Ετικέτες: Προσθήκη ετικέτας
Δεν υπάρχουν, Καταχωρήστε ετικέτα πρώτοι!

MARC

LEADER 00000cam a2200000 a 4500
001 1/112971
008 170206s2016####gr | ||| |||| ||gre||
040 |a GR-MyUa  |b gre  |c GR-MyUa  |e AACR2 
041 0 |a gre 
082 7 |a 005.8   |2 (23)  
100 1 |a Πρέκας, Μιχαήλ. 
245 1 0 |a Αποτίμηση της επιρροής των επιθέσεων ενάντια σε ελληνικούς διαδικτυακούς τόπους :   |b πτυχιακή εργασία /   |c Μιχαήλ Πρέκας ; επιβλέπων καθηγητής Παναγιώτης Ριζομυλιώτης.  
260 |c 2016.  
300 |a 135 σ. :   |b σχέδια, πιν. ;   |c 30 εκ.  
500 |a Μέλη της εξεταστικής επιτροπής: Παναγιώτης Ριζομυλιώτης, Γεώργιος Καμπουράκης, Εμμανουήλ Μαραγκουδάκης.  
502 |a Πτυχιακή εργασία - Πανεπιστήμιο Αιγαίου, Σάμος, 2016.  
504 |a Βιβλιογραφία: σ. 131-134.  
506 0 |a Διάθεση πλήρους κειμένου - Ελεύθερη πρόσβαση.  
520 8 |a Αντικείμενο της συγκεκριμένης διπλωματικής εργασίας είναι να μελετήσει τους υπάρχοντες μηχανισμούς ασφαλείας στον ελληνικό διαδικτυακό τόπο και να ελέγξει αν υπάρχουν «κερκόπορτες» σε αυτούς τους μηχανισμούς , αξιολογώντας και καταλήγοντας σε ορισμένα συμπεράσματα . πιο συγκεκριμένα θα μελετήσει μια βιβλιοθήκη παροχής ασφαλείας ,την βιβλιοθήκη του OpenSSL . θα τονιστεί η προσφορά της στον τομέα της ασφάλειας του διαδικτύου, καθώς και η πληθώρα των λειτουργιών που διαθέτει . ειδικότερα θα εστιάσει σε τρεις από τις ευπάθειες που αντιμετώπισε στην μέχρι τώρα πορεία της . στην συνέχεια μέσω εργαλείων που δημιουργήθηκαν θα πραγματοποιηθεί διαδικασία ανίχνευσης αυτών των χαρακτηριστικών σε ιστοσελίδες του ελληνικού διαδικτυακού τόπου , με τελικό στόχο την αξιολόγηση.στην Ελλάδα περίπου τα 2/3 του πληθυσμού έχουν πρόσβαση στο διαδίκτυο . αυτό οδηγεί στο συμπέρασμα πως η ασφάλεια στη χρήση του διαδικτύου κρίνεται αναγκαία περισσότερο από ποτέ, μιας και ο καθένας μας , το έχει εντάξει στην καθημερινότητα του . σύμφωνα με μελέτες η χρήση αυτή οφείλεται στην αμεσότητα που προσφέρει καθώς και στην πλέον εύκολη προσβασιμότητα κυρίως από κινητά . ο καθένας πλέον χρησιμοποιεί το διαδίκτυο με διάφορα μέσα . οι προσφορές του είναι πολλές και η χρήση του απεριόριστη οδηγώντας τον χρήστη σε ατελείωτες ώρες εξερεύνησης των παροχών του . είναι όμως αυτή η χρήση τόσο ασφαλής όσο φαίνεται ; ίσως θα έπρεπε να απασχολήσει περισσότερους αυτό το ερώτημα . τόσο οι πιο απλοί χρήστες όσο και αυτοί που έχουν καταστήσει την χρήση του σχεδόν τρόπο ζωής, θα πρέπει να αναρωτηθούν εάν υπάρχει η απαραίτητη ασφάλεια ;πολλές φορές γίνεται χρήση ευαίσθητων και προσωπικών δεδομένων. πολύ δεν εστιάζουν σε αυτόν τον τομέα μη έχοντας επίγνωση των κινδύνων και των επιπτώσεων που μπορεί να επέλθουν . 
540 |a Κλειδωμένη η δυνατότητα αντιγραφής (copy) κειμένου.  
630 0 0 |a OpenSSL. 
650 0 |a Dissertations, Academic  |z Greece. 
650 0 |a Computer networks  |x Security measures. 
650 0 |a Computer network protocols. 
700 1 |a Ριζομυλιώτης, Παναγιώτης,  |e dgs 
710 2 |a Πανεπιστήμιο Αιγαίου.   |b Σχολή Θετικών Επιστημών.   |b Τμήμα Μηχανικών Πληροφοριακών και Επικοινωνιακών Συστημάτων. 
852 |a INST  |b SAMOS  |c DIATR  |e 20170206  |h 005.8 ΠΡΕ  |p 005300044315  |q 005300044315  |t DIE  |y 23 
856 |u http://hdl.handle.net/11610/17288 
924 |a Πρέκας  |b Μιχαήλ  |y Σάμος  |z 2016-10 
970 |a Κοσιέρης  |b Χρήστος  |z 06-02-2017